God in My Coner (Record no. 2507)

MARC details
000 -LEADER
fixed length control field 00328nam a22001337a 4500
008 - FIXED-LENGTH DATA ELEMENTS--GENERAL INFORMATION
fixed length control field 250320b |||||||| |||| 00| 0 eng d
020 ## - INTERNATIONAL STANDARD BOOK NUMBER
ISBN 0849903149
100 ## - MAIN ENTRY--AUTHOR
Author Foreman, George
245 ## - TITLE STATEMENT
Title God in My Coner
260 ## - PUBLICATION, DISTRIBUTION, ETC. (IMPRINT)
Place of publication Mexico City
Name of publisher Thomas Nelson inc.
Date of publication 2007
300 ## - COLLATION
Pagination 218p.
942 ## - ADDED ENTRY ELEMENTS (KOHA)
Item type Books
050 ## - LIBRARY OF CONGRESS CALL NUMBER
Classification number BR 1725.F547
Item number .F67
Holdings
Source of classification or shelving scheme Not for loan Permanent location Current location Date acquired Accession No. Full call number Barcode. Koha item type
Library of Congress Classification   Samuel Ogbemudia Main Library, University of Abuja Samuel Ogbemudia Main Library, University of Abuja 03/20/2025 0849903149 BR 1725.F547.F67 2025-0777 Books